Grossflughafen München - aus der Sicht der Regional-planung.

Skúmanie problému optimálnej veľkosti letiska z hľadiska obmedzeného priestoru. Prognózy rastu dopravy vo väzbe na bezpečnosť leteckej dopravy. Kapacita letiska a únosnosť priestoru. Dopravná nadväznosť mníchovskej oblasti na letisko. Možnosti zamestnania na letisku a mimo areál letiska do r. 2000....

Ausführliche Beschreibung

Gespeichert in:
Bibliographische Detailangaben
1. Verfasser: Goedecke, O.
Format: Buchkapitel
Sprache:Deutsch
Schlagworte:
Tags: Tag hinzufügen
Keine Tags, Fügen Sie das erste Tag hinzu!

MARC

LEADER 00000naa a2200000 4500
001 r001690
005 20220819194018.5
041 0 |a ger 
044 |a DE 
245 1 0 |a Grossflughafen München - aus der Sicht der Regional-planung.  |c O. Goedecke 
520 |a Skúmanie problému optimálnej veľkosti letiska z hľadiska obmedzeného priestoru. Prognózy rastu dopravy vo väzbe na bezpečnosť leteckej dopravy. Kapacita letiska a únosnosť priestoru. Dopravná nadväznosť mníchovskej oblasti na letisko. Možnosti zamestnania na letisku a mimo areál letiska do r. 2000. Rozvoj obcí zo spádových území letiska. 
610 2 0 |a plánovanie regionálne 
610 2 0 |a letiská 
610 2 0 |a doprava letecká 
610 2 0 |a Mníchov 
610 2 0 |a obce 
610 2 0 |a príležitosť pracovná 
610 2 0 |a 1990-2000 
610 2 0 |a Nemecko 
100 1 |a Goedecke, O.